Forensic biology / (Record no. 21080)

MARC details
000 -LEADER
fixed length control field 01743cam a2200397 i 4500
001 - CONTROL NUMBER
control field 23799244
003 - CONTROL NUMBER IDENTIFIER
control field DLC
005 - DATE AND TIME OF LATEST TRANSACTION
control field 20260119144527.0
007 - PHYSICAL DESCRIPTION FIXED FIELD--GENERAL INFORMATION
fixed length control field t|
008 - FIXED-LENGTH DATA ELEMENTS--GENERAL INFORMATION
fixed length control field 240726s2025 flua b 001 0 eng
010 ## - LIBRARY OF CONGRESS CONTROL NUMBER
LC control number 2024032289
020 ## - INTERNATIONAL STANDARD BOOK NUMBER
International Standard Book Number 9781032913414
Qualifying information hbk
020 ## - INTERNATIONAL STANDARD BOOK NUMBER
International Standard Book Number 9781032913469
Qualifying information pbk
020 ## - INTERNATIONAL STANDARD BOOK NUMBER
Canceled/invalid ISBN 9781003562726
Qualifying information ebk
040 ## - CATALOGING SOURCE
Original cataloging agency DLC
Language of cataloging eng
Description conventions rda
Transcribing agency DLC
Modifying agency DLC
-- DLC-MRC
-- DLC
042 ## - AUTHENTICATION CODE
Authentication code pcc
050 00 - LIBRARY OF CONGRESS CALL NUMBER
Classification number QH313.5.F67
Item number L5 2025
082 00 - DEWEY DECIMAL CLASSIFICATION NUMBER
Classification number 363.25/62
Edition number 23/eng/20241115
100 1# - MAIN ENTRY--PERSONAL NAME
Personal name Li, Richard
Relator term author
Relator code aut
-- http://id.loc.gov/vocabulary/relators/aut
Authority record control number http://id.loc.gov/authorities/names/n2008002548
245 10 - TITLE STATEMENT
Title Forensic biology /
Statement of responsibility, etc. Richard Li.
250 ## - EDITION STATEMENT
Edition statement Third edition.
264 #1 - PRODUCTION, PUBLICATION, DISTRIBUTION, MANUFACTURE, AND COPYRIGHT NOTICE
Place of production, publication, distribution, manufacture Boca Raton, FL :
Name of producer, publisher, distributor, manufacturer CRC Press/Taylor & Francis Group,
Date of production, publication, distribution, manufacture, or copyright notice 2025.
300 ## - PHYSICAL DESCRIPTION
Extent xiii, 558 pages
Other physical details illustrations (some color)
Dimensions 27 cm
336 ## - CONTENT TYPE
Content type term text
Content type code txt
Source rdacontent
337 ## - MEDIA TYPE
Media type term unmediated
Media type code n
Source rdamedia
338 ## - CARRIER TYPE
Carrier type term volume
Carrier type code nc
Source rdacarrier
340 ## - PHYSICAL MEDIUM
Authority record control number or standard number http://id.loc.gov/vocabulary/millus/ill
504 ## - BIBLIOGRAPHY, ETC. NOTE
Bibliography, etc Includes bibliographical references and index.
650 #0 - SUBJECT ADDED ENTRY--TOPICAL TERM
Topical term or geographic name as entry element Forensic biology
Authority record control number http://id.loc.gov/authorities/subjects/sh2006002547
650 #0 - SUBJECT ADDED ENTRY--TOPICAL TERM
Topical term or geographic name as entry element Forensic genetics
Authority record control number http://id.loc.gov/authorities/subjects/sh86005931
650 #0 - SUBJECT ADDED ENTRY--TOPICAL TERM
Topical term or geographic name as entry element Forensic serology
Authority record control number http://id.loc.gov/authorities/subjects/sh85050561
776 1# - ADDITIONAL PHYSICAL FORM ENTRY
Relationship information Online version
Relationshop code http://id.loc.gov/entities/relationships/onlineversion
Main entry heading Li, Richard
Title Forensic biology
Edition 3rd edition
Place, publisher, and date of publication Boca Raton, FL: CRC Press, 2025
Record control number (DLC) 2024032290
International Standard Book Number 9781003562726
-- 9781032913414
-- 9781032913469
906 ## - LOCAL DATA ELEMENT F, LDF (RLIN)
a 7
b cbc
c orignew
d 1
e ecip
f 20
g y-gencatlg
942 ## - ADDED ENTRY ELEMENTS (KOHA)
Source of classification or shelving scheme Library of Congress Classification
Koha item type General Collection
Holdings
Withdrawn status Lost status Source of classification or shelving scheme Not for loan Home library Current library Shelving location Date acquired Cost, normal purchase price Inventory number Total Checkouts Full call number Barcode Date last seen Copy number Price effective from Koha item type
    Library of Congress Classification   Kabarak, Main Campus Kabarak, Main Campus General Stacks 19/01/2026 11635.00 2026/3818   QH313.5.F67 L5 2025 C.1 38655 19/01/2026 C.1 19/01/2026 General Collection
Designed with assistance from East African Informatics Ltd